| 000 | 02388nam0a2200373 4500 | ||
|---|---|---|---|
| 001 | RU\NLR\bibl\737922 | ||
| 005 | 20250614002030.0 | ||
| 010 |
_a5-89527-059-X _bв обл. |
||
| 021 |
_aRU _b2004-61458 _93021 |
||
| 035 | _aRSL-KNO-002485181 | ||
| 035 | _a(NLR Aleph) 000727832 | ||
| 090 |
_a743634 _c743634 |
||
| 100 | _a20041006d2004 |||y0rusy50 ca | ||
| 101 | 0 | _arus | |
| 102 | _aRU | ||
| 105 | _ay ||||||||| | ||
| 106 | _ar | ||
| 200 | 1 |
_aСельская школа: труд и личность _eкн. для учителей _fГ. В. Пичугина _gРос. акад. образования, Ин-т соц.-пед. проблем сел. шк. |
|
| 210 |
_aМ. _cИСПС РАО _d2004 _eТула : Полигр. предприятие Гриф и К |
||
| 215 |
_a236, [3] с. _d21 |
||
| 300 | _aНа тит. л.: Комплекс. программа РАО "Систем. модернизация образования как фактор соц. развития села" | ||
| 320 | _aБиблиогр. в конце ст. | ||
| 606 | 0 |
_aСельские школы _xУчебно-воспитательная работа _92342104 _3RU\NLR\auth\661399876 |
|
| 606 | 0 |
_aСельское хозяйство _xИзучение в школе _91645888 _3RU\NLR\auth\661026589 |
|
| 610 | 0 | _aКультура. Наука. Просвещение -- Народное образование. Педагогические науки -- Общеобразовательная школа. Школьная педагогика -- Школьная педагогика -- Российская Федерация -- Воспитание -- Внеучебная работа -- Отдельные виды внеучебной работы -- Общественно-полезный труд учащихся -- Общественно-полезный труд учащихся в помощь народному хозяйству -- Общественно-полезный труд учащихся в помощь сельскому хозяйству | |
| 686 |
_aЧ421,6(2)385.623,0 _2rubbk |
||
| 686 | _aЧ424(2)714.8 | ||
| 700 | 1 |
_aПичугина _bГ. В. _gГалина Васильевна _4070 |
|
| 801 | 0 |
_aRU _bRuMoRKP _c20041006 _grcr |
|
| 801 | 1 |
_aRU _bRuMoRGB _c20041006 |
|
| 801 | 2 |
_aRU _bNLR _c20050322 _gPSBO |
|
| 942 | _cBOOK | ||
| 980 | _aNB | ||